000 00945nam a2200241Ia 4500
999 _c34892
_d34892
001 715
003 GE_BSU
005 20210714130646.0
008 181216s2009||||ge |||||||||||||| ||geo||
020 _a9789994054060
040 _cGE_BSU
041 _ageo
080 _a81(075.8) მ–69
100 _aმინდაძე, ივა
_912248
245 _aფსიქოლინგვისტიკა :
_b[სახელმძღვ.] /
_cივა მინდაძე ; [სამეცნ. რედ. ლალი ქეცბა-ხუნდაძე].
264 _aთბილისი :
_bარეტე,
_c2009.
300 _a216 გვ.;
_b20სმ.
541 _h7 ლ
653 _aფსიქოლინგვისტიკა
653 _aშემეცნების თეორია
700 _aქეცბა-ხუნდაძე, ლალი
_eრედაქტორი
_912249
942 _cBK
_2udc